| 000 | 00496cam a22001457a 4500 | ||
|---|---|---|---|
| 008 | 180718b1962 xxu||||| |||| 00| 0 eng d | ||
| 082 | _aA6x51 M118 | ||
| 100 | _aMacartney, George Macartney | ||
| 245 |
_aAn Embassy to China: being the journal kept by Macartney during his embassy to the Emperor Chein-lung, 1793-1794 _cby Geroge Macartney Macartney |
||
| 260 |
_aLondon _bLongmans _c1962 |
||
| 300 | _a421p. | ||
| 500 | _a42/- | ||
| 650 | _aForeign Relations - China | ||
| 650 | _aChina - History | ||
| 999 |
_c372613 _d372613 |
||